000 01004cam a22003257a 4500
003 CHAP
005 20220329140640.0
008 971013s1904 r 00010 d
010 _a55326
011 _a56298
035 _a60451
040 _cCHAP
082 _a631.874
_bS3
100 0 0 _aSaunders, William.
_9102757
245 1 3 _aEl trébol como abono
260 _aMéxico :
_bSecretaría de Fomento,
_c1904
300 _a40 p.
_b: ilus.
590 _aBATCH-UPD
_b10
_c20130110
_lUCH01
_h0647
590 _aBATCH-UPD
_b10
_c20130110
_lUCH01
_h2337
590 _aBATCH-UPD
_b10
_c20130410
_lUCH01
_h0332
590 _aBATCH-UPD
_b10
_c20130914
_lUCH01
_h1406
590 _aCONVERSION
_b10
_c20130109
_lUCH01
_h1330
650 1 4 _aFertilizantes y abonos.
_940646
650 1 4 _aTrébol.
_9115245
700 0 _aShult, Frank T.
_9105782
901 _aBK
942 _cLIBRO
949 _a631.874 S3
_bBC
_cBPP
_d-130310
_eBPP
_h22336
_i60451
_si
949 _a631.874 S3
_bBC
_cBPP
_d-130311
_eBPP
_fc.2
_h22337
_i60451
_si
999 _c55326
_d55326